000 01109nam a2200289 a 4500
001 000024187
005 20250909115816.0
008 110120s1989 ag r 000 | spa d
020 _a9506940614
040 _aDO-SdBNP
_bspa
_cBNPHU
041 1 7 _aeng
_gspa
_2Código de idioma MARC
082 _a320.51
_bK89c
100 1 _aKrasner, Stephen D.
_949672
240 1 4 _aThe thrid world against global liberalism
_lEspañol
245 1 0 _aConflicto estructural :
_bel Tercer Mundo contra el liberalismo global /
_cStephen D. Krasner; traducción de Mirta Rosenberg.
260 _aBuenos Aires, (Argentina) :
_bGrupo Editor Latinoamericano,
_c1989.
300 _a305 p. :
_bil. ;
_c23 cm.
490 1 _aEstudios Internacionales
500 _aIncluye notas al pie de páginas
534 _aTítulo del original en inglés :
_tThe thrid world against global liberalism
650 0 _aLiberalismo
_95271
650 0 _a Relaciones económicas internacionales
_91067
650 4 _aFormas de gobierno
_92772
700 1 _aRosenberg, Mirta
_etr.
_949673
830 0 _aEstudios Internacionales
_948515
049 _aBNGR
999 _c23681
_d23681